000 01218nam a22002177a 4500
001 10091
003 FISKH
005 20260407143425.0
008 260407b cb ||||| |||| 00| 0 eng d
040 _aFISKH
_beng
_cFISKH
_dFISKH
082 _a745.5
100 _aSaylor, Sharon
245 _aSweet Patoodies 2/
_cSharon Saylor's
260 _aKentucky :
_bSociety of Decorative Painters,
_c1994.
300 _a32 pages :
_bcolor illustrations ;
_c28 cm
520 _aSweet Patoodies 2 by Sharon Saylor is a craft and decorative painting pattern book, part of the “Sweet Patoodies” series popular among tole painting and decorative arts enthusiasts. The book contains patterns, step‑by‑step instruction images, and color photos suitable for creating sweet‑themed painted projects on wood, signs, plaques, or home decor items. Projects typically feature whimsical dessert motifs (“patoodies”), decorative flourishes, and designs suited to hobbyists interested in traditional painting techniques, seasonal crafts, or classroom craft activities.
650 _aPainting Decorative
_vTechnique & patterns
651 _aTole painting
_vPatterns & instruction
942 _2ddc
_cBK
_n0
999 _c10091
_d10091